Real Madrid players - sudden death - Statistics

General Stats
  • This quiz has been taken 159 times
  • The average score is 3 of 10
Answers on the Grid
Answers color-coded by a green-red scale on the quiz's grid according to % correct below.
H. Kane
L. Modrić
Casemiro
E. Camavinga
K. Mbappe
T. Kross
Vinicius Junior
T. Courtois
F. Torres
D. Alaba
Endrick
Rodri
A. Rudiger
A. Guler
Rodrygo
F. Conceição
 
Answer Stats
Answer % Correct
L. Modrić
92%
K. Mbappe
31%
E. Camavinga
24%
A. Rudiger
23%
Vinicius Junior
23%
Rodrygo
21%
T. Courtois
20%
Endrick
18%
D. Alaba
16%
A. Guler
15%
No matching quizzes found
Score Distribution
Percent of People with Each Score
Percentile by Number Answered
Your Score History
You have not taken this quiz